000 00575nam a22001817a 4500
999 _c529177
_d529177
003 NUST
005 20190920153041.0
008 150409b xxu||||| |||| 00| 0 eng d
038 _aMSOHAIL
040 _cLIBRARY
082 _a297.266 GHA
100 _aGhazanvi, Khalid
_921031
245 _aعلاجِ نبوّیﷺ اور جدید سائنس...............Elaj-e-Nabvi aur jadeed science (Tib e Nabvi)
_cDr. Khalid Ghazanvi
260 _aLahore:
_bAl Faisal Nashran,
_cc2003
300 _a386 p. :
_c22 cm.
650 _aTib e Nabvi
_xGeneral
_921032
942 _2ddc
_cBK